|
|
|
|
| LEADER |
00000nkm a2200000 a 4500 |
| 001 |
vtls010692565 |
| 003 |
SK-MaSNL |
| 005 |
20260512122132.0 |
| 007 |
kp bo |
| 008 |
231212s1965 xo g 00 kuslo |
| 015 |
|
|
|a SNBG
|
| 035 |
|
|
|a 303C3484-9167-4126-954D-D6D3D4DB9DFB
|
| 035 |
|
|
|a urn:nbn:sk:snk-kmxyh8
|
| 035 |
|
|
|a urn:nbn:sk:snk-km0055om
|
| 040 |
|
|
|a SNK
|b slo
|c SNK
|e AACR2
|
| 041 |
0 |
|
|a slo
|
| 043 |
|
|
|a e-xo---
|
| 044 |
|
|
|a xo
|c SK
|
| 080 |
|
|
|a 908(437.671)
|2 2008
|
| 080 |
|
|
|a (084.121)
|2 2001
|
| 080 |
|
|
|a (234.372.4)
|2 2008
|
| 100 |
1 |
|
|a Nehera, Otakar,
|d 1917-2009
|4 pht
|9 57449
|
| 245 |
1 |
0 |
|a Štrba
|h grafika
|b v pozadí Vysoké Tatry
|c foto Otakar Nehera
|
| 260 |
|
|
|a [Bratislava]
|b VPL
|c 1965
|
| 300 |
|
|
|a 1 pohľadnica
|b čiernobiela
|c 11 x 15 cm
|
| 651 |
|
7 |
|a Vysoké Tatry (Poľsko a Slovensko : pohorie)
|2 SNKPHgeo
|9 67729
|
| 651 |
|
7 |
|a Štrba (Slovensko)
|2 SNKPH
|9 56257
|
| 655 |
|
7 |
|a miestne pohľadnice
|2 SNKPH
|9 70510
|
| 852 |
|
|
|a Slovenská národná knižnica
|
| 954 |
|
|
|a pohľadnice pôvodné (slovenské)
|2 lita
|
| 954 |
|
|
|a pohľadnice cudzojazyčné (svetové)
|2 lita
|
| 958 |
|
|
|a GC
|
| 958 |
|
|
|a GBN
|
| 958 |
|
|
|a OND
|
| 999 |
|
|
|c 587404
|d 589334
|
| 952 |
|
|
|a SNK
|b SNK
|y PREZ
|7 0
|p 17A1163124
|o snkSP 1987/a
|0 0
|1 0
|4 0
|d 2015-07-15
|f 1
|l 0
|r 2026-02-23 15:13:42
|w 2026-02-23
|